Представление документа в формате MARC21

Поле Инд. ПП Название Значение
Тип записи a
Библиографический уровень b
001 Контрольный номер RU/IS/BASE/425743028
005 Дата корректировки 20200522191604.8
008 Кодируемые данные 20130628
040 b Код языка каталог. rus
e Правила каталог. PSBO
041 0_ a Код языка текста rus
084 a Индекс другой классификации/Индекс ББК 65.261.1(2Рос); 65.263.23(2Рос)
100 1_ a Автор Землянский Д.
245 10 a Заглавие Формирование финансовой системы России: значение иностранных инвестиций и проблема оттока капитала
504 a Библиография Библиогр.
520 a Аннотация Рассмотрены значение иностранных инвестиций и проблема оттока капитала. Верный признак экономического здоровья страны - положительная динамика внешних инвестиций. Политические и коррупционные риски провоцируют изымание капитала с национального рынка.
650 14 a Основная рубрика государственные финансы
a Основная рубрика инвестиции
a Основная рубрика финансы
a Основная рубрика экономика
653 1_ a Ключевые слова государственный бюджет
a Ключевые слова инвестиционный климат
a Ключевые слова инновационное развитие
a Ключевые слова иностранные инвестиции
a Ключевые слова отток капитала
a Ключевые слова Россия
a Ключевые слова рыночная экономика
a Ключевые слова финансовая система
773 08 t Заглавие источника РИСК: ресурсы, информация, снабжение, конкуренция
d Дата издания источника 2012
g Прочая информация № 2. - С. 308 - 314
w Контрольный № источника RU/IS/BASE/405533851
901 t Тип документа b